01076nam a2200229 a 450000100100000000500170001000800410002702000180006804000250008608200150011124501170012626001220024330000280036550000600039350400270045370000390048071000690051904900090058895201130059795201190071099900170082900003127020200930062820.0110224s2007 dr ac 000 0 spa d a9789945421330 aDO-SdBNPbspacBNPHU axxxxbC75800aConstruyendo la generación futura mediante la educación en los valores /ccoordinadora Delia de Rodríguez. aSantiago, República Dominicana :bMinisterio de Enseñanza de la Congregación Cristiana,c2007.fAmigo del Hogar a110 p. :bil. ;c28 cm. aLa biblioteca posee el libro 3, año escolar 2007-2008 aBibliografía: p. 1101 aRodríguez, Delia deecood9527391 aMinisterio de Enzeñanza de la Congregación Cristiana.954844 aBNPD 0010718PDaPDbPDcCTd2011-06-17iLF1l0oxxxx C758p31270-10r2020-06-25w2020-06-25yLFPDZNo se presta 0010718PDaPDbPDcCTd2011-06-17iLF1l0oxxxx C758p31270-20r2020-06-25te. 2w2020-06-25yLFPDZNo se presta c30762d30762